Apuntes de silvicultura /

Guardado en:
Autor Principal: Grünberg, Isaac.
Formato: Libro
Idioma:Spanish
Publicado: Buenos Aires : Centro de estudiantes de agronomía de la Universidad de Buenos Aires, 1942.
Etiquetas: Agregar Etiqueta
Sin Etiquetas, Sea el primero en etiquetar este registro!
LEADER 00553nam a22001455a 4500
001 EEA.libagro004576
005 20181109131831.0
008 130809s1942####ag#a##########000#0#spa#d
082 0 4 |a 634.9 
100 1 |a Grünberg, Isaac. 
245 1 0 |a Apuntes de silvicultura /  |c Isaac Grünberg. 
260 |a Buenos Aires :  |b Centro de estudiantes de agronomía de la Universidad de Buenos Aires,  |c 1942. 
300 |a 2v. :  |b il. ;  |c 34 cm. 
859 |a AR-BbBCA  |b BIB. AGRONOMIA  |h 634.9  |i G888  |p 1992/1821  |v 1  |3 Vol. 1 
859 |a AR-BbBCA  |b BIB. AGRONOMIA  |h 634.9  |i G888  |p 1992/1822  |v 2  |3 Vol. 2